000 00310nam a22001337a 4500
020 _a978-0-571-23931-3
082 _a823
_bLLO/B
100 _aLLOSA, MARIO VARGAS
245 _aTHE BAD GIRL
260 _aUNITED KINGDOM
_bFABER AND FABER
_c2007
300 _a403
650 _aNOVEL
_zUNITED KINGDOM
942 _cBK
999 _c3426
_d3426